Catálogo

FUNDAMENTOS DE LA TERAPIA FAMILIAR (Registro nro. 7461)

Detalles MARC
000 -LEADER
fixed length control field 00388nam a2200145 a 4500
001 - CONTROL NUMBER
control field 7461
005 - DATE AND TIME OF LATEST TRANSACTION
control field 20180713191344.0
008 - FIXED-LENGTH DATA ELEMENTS--GENERAL INFORMATION
fixed length control field 140415s1992 000 0 spa d
041 ## - LANGUAGE CODE
Language code of text/sound track or separate title spa
082 ## - DEWEY DECIMAL CLASSIFICATION NUMBER
Classification number 616.8915
Item number HOF
100 1# - MAIN ENTRY--PERSONAL NAME
Personal name HOFFMAN, LYNN
245 10 - TITLE STATEMENT
Title FUNDAMENTOS DE LA TERAPIA FAMILIAR
250 ## - EDITION STATEMENT
Edition statement 1a ed.
260 ## - PUBLICATION, DISTRIBUTION, ETC.
Place of publication, distribution, etc. [s.l.] :
Name of publisher, distributor, etc. FONDO DE CULTURA ECONOMICA,
Date of publication, distribution, etc. 1992
Existencias
Withdrawn status Lost status Source of classification or shelving scheme Damaged status Not for loan Collection code Home library Current library Shelving location Date acquired Source of acquisition Inventory number Total Checkouts Full call number Barcode Date last seen Date last checked out Price effective from Koha item type
    Dewey Decimal Classification     General Biblioteca Karol Wojtyla Biblioteca Karol Wojtyla Sala general 03/12/2013 Compra 151000000000000000008370   616.8915 HOF 20438 05/01/2026 04/05/2018 03/12/2013 Libro